00531nam a2200157Ia 4500008004000000082001700040100002400057245005300081250000500134260003400139300000800173690002200181906001100203999001700214952014200231210210b1982 xxu||||| |||| 00| 0 eng d a320.454 KAPI aKAPUR (Anup Chand). aIndian political system (Govt. of the republic). a aNDbS. Chand & Co. Ltd.c1982 a456 aIndian Government a036695 c87259d87259 001040708Political ScienceaALbALcPolitical Scienced2021-02-17g25.00l0o320.454 KAPIp036695r2021-02-17 00:00:00w2021-02-17yBK